[Event "Montenegro Festival-01 IM 2021"]
[Site "Niksic"]
[Date "2021.03.02"]
[Round "7.1"]
[White "Arapovic, Vitomir"]
[Black "Nikcevic, Nebojsa"]
[Result "1/2-1/2"]
[WhiteElo "2295"]
[BlackElo "2412"]
[Annotator "TA"]
[PlyCount "100"]
[EventDate "2021.02.26"]
[EventType "tourn"]
[EventCountry "MNE"]
[SourceTitle "playchess.com"]
[Source "ChessBase"]
[SourceQuality "1"]

{[%evp 18,100,7,15,24,34,37,46,46,45,50,38,39,31,36,46,37,33,35,28,35,35,35,35,43,44,57,54,69,24,24,0,25,0,0,0,0,-22,0,0,0,-84,-90,-85,-88,-85,-85,-149,-151,-156,-52,-66,-27,-14,-18,-18,-12,-20,0,0,0,-23,0,-8,-8,-8,0,0,0,0,0,0,0,0,0,0,0,0,0,0,0,0,0,0,29990]} 1. e4 e5 2. Nf3 Nc6 3. d4 exd4 4. Nxd4 Bb4+ 5. c3 Be7 6. Nxc6 bxc6 7. Bd3 d6 8. O-O Nf6 9. c4 O-O 10. Nc3 Rb8 {C45: Scotch Game.} 11. b3 Ng4 {[#]} 12. Be2 $146 ({Predecessor:} 12. h3 Ne5 13. Bc2 Bf6 14. Bb2 a5 15. f4 Nd7 16. Qh5 Bd4+ 17. Kh1 Nf6 18. Qxa5 c5 19. Nd1 Bxh3 20. Bxd4 Bxg2+ 21. Kxg2 cxd4 {1-0 (38) Graul,P-Gerke,D Dortmund 2001}) 12... Bf6 {White is slightly better.} 13. Bb2 Ne5 14. f4 Ng6 15. Qd2 c5 16. Nd5 {[#] Bxf6 is the strong threat.} Bxb2 17. Qxb2 Re8 18. f5 Ne7 19. f6 Nxd5 20. exd5 Re5 21. Bd3 Bd7 22. Qd2 (22. fxg7 {looks sharper.} Qg5 23. Qc2 Qh6 24. Rf2 Rbe8 25. Raf1) 22... Qf8 23. Rf3 {With the idea fxg7.} g6 24. Re1 Rbe8 25. Rxe5 Rxe5 26. Qa5 Qb8 27. h3 h6 28. Kf2 Kh7 29. g4 {[#]} (29. Re3 $11 Rxe3 30. Kxe3) 29... h5 $1 $17 30. Rf4 Qb4 31. Qxb4 cxb4 {[%mdl 4096] Endgame KRB-KRB} 32. Be2 (32. gxh5 $142 Rxh5 33. Be4) 32... Kh6 33. gxh5 Bxh3 (33... g5 $17 34. Rd4 Bxh3) 34. Rh4 $15 Bf5 35. hxg6+ Kxg6 36. Rh8 $1 Bb1 37. Ra8 Bxa2 38. Bd1 Rf5+ 39. Ke1 Rg5 40. Rxa7 {The position is equal.} Rg1+ 41. Kd2 Bb1 42. Rxc7 Kxf6 43. Rd7 Ke5 44. Rxf7 Be4 45. Rf2 Rg3 46. Bc2 {Strongly threatening Re2.} Rc3 47. Bxe4 Kxe4 48. Rf6 Rxb3 49. Rxd6 Kd4 50. Kc2 Ke5 $2 {[%mdl 40960] Never resign too early!  Weighted Error Value: White=0.10/Black=0.07. An unexpected result.} 1/2-1/2

[Event "Montenegro Festival-01 IM 2021"]
[Site "Niksic"]
[Date "2021.03.02"]
[Round "7.2"]
[White "Jelcic, Marko"]
[Black "Alivodic, Dario"]
[Result "0-1"]
[WhiteElo "2208"]
[BlackElo "2189"]
[Annotator "TA"]
[PlyCount "108"]
[EventDate "2021.02.26"]
[EventType "tourn"]
[EventCountry "MNE"]
[SourceTitle "playchess.com"]
[Source "ChessBase"]
[SourceQuality "1"]

{[%evp 16,108,8,12,66,62,71,9,64,87,86,35,103,24,64,84,141,91,89,100,94,16,33,22,29,22,25,-255,-276,-268,-275,-250,-276,-254,-265,-271,-250,-265,-121,-128,-123,-202,-221,-212,-226,-205,-197,-250,-251,-250,-248,-247,-239,-245,-186,-342,-263,-395,-382,-382,-381,-484,-456,-864,-888,-862,-1004,-963,-859,-1317,-1243,-2029,-1883,-2059,-2014,-1771,-1294,-921,-895,-939,-896,-29975,-29976,-29985,-29982,-29986,-29985,-29984,0,-29986,-29987,-29988,-29986,-29988,-29989]} 1. e4 e6 2. d4 d5 3. e5 c5 4. c3 Qb6 5. Nf3 Bd7 6. Be2 Bb5 7. c4 Bxc4 8. Bxc4 dxc4 9. d5 Nd7 {C02: French: Advance Variation.} (9... exd5 $11 10. Qxd5 Ne7 11. Qxc4 Qb4+ 12. Qxb4 cxb4) 10. O-O $14 Ne7 11. dxe6 (11. d6 $16) 11... fxe6 {[#]} (11... Qxe6 $11 12. Ng5 Qf5) 12. Nbd2 $146 ({Predecessor:} 12. Na3 Qa6 13. Qe2 Nf5 14. Nxc4 Nb6 15. b3 Nxc4 16. bxc4 O-O-O 17. Bb2 Be7 18. a4 {0-1 (74) Rahn,O-Hermann,M Voelklingen 1970}) 12... Qa6 13. Ng5 ({White should try} 13. Qc2 $16) 13... g6 (13... Nf5 $14) 14. Qg4 (14. Nde4 $16 {Strongly threatening Nd6+.} Nf5 15. Nf6+ Nxf6 16. exf6) 14... Nf5 15. Nxc4 Be7 (15... h6 $142) 16. Nd6+ Bxd6 17. exd6 Qxd6 18. Bf4 (18. Re1 $1 $16 {[%cal Re1e6]} O-O 19. Bf4) 18... e5 $11 {[#]} 19. Rad1 $1 Qe7 {[#]} 20. Rfe1 $1 O-O-O $1 {[#]} 21. Ne4 $2 {[%mdl 8192]} exf4 $19 22. Nd6+ Qxd6 $1 23. Rxd6 Nxd6 24. Qxf4 {[#]} Rhe8 $1 {[%cal Re8e1]} 25. Rc1 (25. Rd1 Nf5) 25... Re5 26. h3 b5 (26... Rde8 $19 {and Black stays clearly on top.} 27. b4 b6) 27. a4 $17 a6 {[%cal Ba7a6,Ba6b5][%mdl 32]} 28. Qf3 (28. axb5 $17 axb5 29. Ra1) 28... Kc7 $19 29. axb5 axb5 30. Ra1 Rb8 31. Ra7+ (31. b3 $142) 31... Rb7 32. Ra6 {And now Qc6+ would win.} Nb6 33. Qc3 Rd5 34. b4 c4 35. Qe3 $2 (35. Qh8 {only move.}) 35... Kc6 36. g4 (36. g3 $142) 36... Ndc8 37. Qe6+ {[#]} Kc7 $1 ({Less strong is} 37... Nd6 38. Kg2 $19) 38. f4 Rd6 39. Qe5 (39. Qe3 $142 Kb8 40. f5) 39... Nd7 40. Qa1 Rxa6 41. Qxa6 Rb6 42. Qa1 Rc6 43. Qc3 Ncb6 44. f5 gxf5 45. gxf5 Kb7 46. Kf2 Nd5 47. Qf3 N7f6 48. Ke2 c3 49. Kd1 Nxb4 50. Kc1 Na2+ 51. Kc2 Nb4+ 52. Kc1 c2 {Black mates.} 53. Qb3 Rc4 54. Qf3+ Nfd5 {Weighted Error Value: White=0.75/Black=0.23} 0-1

[Event "Montenegro Festival-01 IM 2021"]
[Site "Niksic"]
[Date "2021.03.02"]
[Round "7.4"]
[White "Tomic, Aleksandar"]
[Black "Klasan, Vladimir"]
[Result "1/2-1/2"]
[WhiteElo "2339"]
[BlackElo "2304"]
[Annotator "TA"]
[PlyCount "64"]
[EventDate "2021.02.26"]
[EventType "tourn"]
[EventCountry "MNE"]
[SourceTitle "playchess.com"]
[Source "ChessBase"]
[SourceQuality "1"]

{[%evp 23,64,15,23,15,14,0,0,0,0,0,0,9,8,0,0,0,0,0,0,0,0,0,0,0,0,0,0,0,0,0,43,32,44,0,0,0,0,0,0,0,0,0,0]} 1. d4 {Krasenkow,M} Nf6 2. c4 g6 3. Nc3 d5 4. Bg5 Ne4 5. Bh4 Nxc3 6. bxc3 Bg7 7. cxd5 Qxd5 8. e3 c5 9. Nf3 cxd4 10. cxd4 Nc6 11. Be2 O-O 12. O-O b6 13. Rc1 {D91: Grünfeld: 4 Nf3 Bg7 5 Bg5.} Bb7 14. Qa4 e6 15. Rc3 Rfc8 16. Rfc1 a6 17. Ne1 {[#] And now Bf3 would win.} b5 18. Qc2 {[#] Strongly threatening Bf3.} Na7 $146 ({Predecessor:} 18... Nxd4 19. exd4 Bxd4 20. Bf3 Rxc3 21. Qxc3 Bxc3 22. Bxd5 Bxd5 23. Rxc3 Bxa2 24. Bf6 b4 {1-0 (84) Ivanchuk,V (2746)-Shirov,A (2745) Bazna 2009 CBM 131 [Krasenkow,M]}) 19. Bf3 Qd7 20. Rc7 Rxc7 21. Qxc7 Qxc7 22. Rxc7 Bxf3 23. gxf3 Bf8 24. Nd3 b4 25. Nc5 Nb5 26. Rb7 Bxc5 27. dxc5 $11 {[%mdl 4096] Endgame KRB-KRN} Kg7 28. c6 Rc8 {The position is equal.} 29. Rb6 Na7 30. Rxa6 Nxc6 31. Rb6 Ne5 32. Rxb4 Nxf3+ {Weighted Error Value: White=0.04/Black=0.03} 1/2-1/2

[Event "Montenegro Festival-01 IM 2021"]
[Site "Niksic"]
[Date "2021.03.02"]
[Round "7.5"]
[White "Miletic, Vuk"]
[Black "Pecurica, Milos"]
[Result "1-0"]
[WhiteElo "2157"]
[BlackElo "2320"]
[Annotator "TA"]
[PlyCount "87"]
[EventDate "2021.02.26"]
[EventType "tourn"]
[EventCountry "MNE"]
[SourceTitle "playchess.com"]
[Source "ChessBase"]
[SourceQuality "1"]

{[%evp 12,87,19,8,12,20,8,5,26,4,22,10,49,17,20,-1,-5,-10,0,-12,-10,-15,-8,-9,0,-26,0,0,0,0,0,0,0,0,0,-50,-10,-36,0,0,0,0,0,0,0,0,0,0,0,-21,39,44,65,50,161,62,80,75,68,0,44,11,40,18,185,185,207,207,201,195,1674,1705,1397,1441,12834,12834,12835,12835]} 1. d4 Nf6 2. c4 e6 3. Nc3 d5 4. cxd5 Nxd5 5. e4 Nxc3 6. bxc3 c5 7. Rb1 $1 {[%mdl 4] is more profitable than 7.Nf3 at the moment.} Be7 {D35: Queen's Gambit Declined: Exchange Variation.} 8. Bb5+ Bd7 9. Nf3 O-O {The position is equal.} 10. O-O cxd4 11. cxd4 {[#]} Nc6 $146 ({Predecessor:} 11... Bxb5 12. Rxb5 Qc7 13. Qb3 b6 14. d5 exd5 15. Rxd5 Nd7 16. Bb2 Nc5 17. Qc3 Bf6 {0-1 (35) Shishkov,A (2365)-Kulaots,K (2572) Viljandi 2014}) 12. Ba4 b6 13. Be3 Rc8 14. Rc1 Na5 15. Rxc8 Qxc8 16. Bxd7 Qxd7 17. Ne5 Qb7 18. Qf3 f6 19. Nd3 f5 20. Nf4 Qxe4 21. Qxe4 fxe4 22. Nxe6 Rc8 23. Rc1 Rxc1+ 24. Bxc1 $15 {[%mdl 4096] Endgame KBN-KBN} Kf7 25. d5 Nc4 26. Kf1 b5 27. Ke2 $1 b4 28. f3 exf3+ 29. Kxf3 a5 30. Ke4 Bf6 (30... a4 $11 31. Nd4 Bf6) 31. Nc5 $14 Ke7 32. Bf4 g6 (32... Kd8 $1 $14) 33. Kd3 (33. Bc7 $18) 33... Nb6 34. d6+ Ke8 35. Kc2 (35. Bg3 $14) 35... a4 36. Bd2 (36. g3 {with more complications.} Bd4 37. d7+ Nxd7 38. Nxa4 Ne5 39. Kb3) 36... Be5 (36... Nd5 {feels hotter.} 37. h3 Be5 38. d7+ Kd8 39. Nxa4 Kxd7 40. Nc5+ Kc6) 37. Bxb4 Bxd6 $2 {[#] This costs Black the game.} (37... Bxh2 $11 {and Black stays safe.} 38. d7+ Nxd7) 38. Nxa4 $1 $18 {[%mdl 576] Discovered Attack} Bxb4 (38... Nxa4 39. Bxd6) 39. Nxb6 $14 {KB-KN} Bd6 40. h3 g5 $2 (40... Bc7) 41. Kd3 $18 {White is clearly winning.} Kf7 42. Ke4 Ke6 43. g4 Bc7 44. Nc4 {Weighted Error Value: White=0.13/Black=0.23} 1-0

[Event "Montenegro Festival-01 IM 2021"]
[Site "Niksic"]
[Date "2021.03.03"]
[Round "8.1"]
[White "Nikcevic, Nebojsa"]
[Black "Pecurica, Milos"]
[Result "*"]
[WhiteElo "2412"]
[BlackElo "2320"]
[Annotator "TA"]
[PlyCount "40"]
[EventDate "2021.02.26"]
[EventType "tourn"]
[EventCountry "MNE"]
[SourceTitle "playchess.com"]
[Source "ChessBase"]
[SourceQuality "1"]

{[%evp 19,27,-3,0,-18,-9,-4,36,-92,-95,-103]} 1. d4 Nf6 2. c4 e6 3. Nf3 d5 4. g3 Be7 5. Bg2 O-O 6. O-O dxc4 7. Ne5 Nc6 8. Nxc6 bxc6 9. Na3 Bxa3 10. bxa3 Ba6 11. Qa4 {E05: Open Catalan: 5 Nf3 Be7.} Bb5 12. Qa5 {Black must now prevent a4.} c3 13. a4 (13. Qxc3 $14 {keeps the upper hand.} Rb8 14. Re1) 13... Bxe2 $17 14. Re1 {[#]  Weighted Error Value: White=0.53/Black=0.09} {Predecessor:} Bc4 $146 15. Ba3 Re8 16. Bxc6 Bd5 17. Bxe8 Qxe8 18. Qxc3 Qxa4 19. Be7 Ne4 20. Qd3 Re8 {½-½ (42) Schlosser,P (2508)-Zelcic,R (2486) Schwarzach 2017} *

[Event "Montenegro Festival-01 IM 2021"]
[Site "Niksic"]
[Date "2021.03.03"]
[Round "8.2"]
[White "Klasan, Vladimir"]
[Black "Miletic, Vuk"]
[Result "*"]
[WhiteElo "2304"]
[BlackElo "2157"]
[Annotator "TA"]
[PlyCount "26"]
[EventDate "2021.02.26"]
[EventType "tourn"]
[EventCountry "MNE"]
[SourceTitle "playchess.com"]
[Source "ChessBase"]
[SourceQuality "1"]

{[%evp 9,26,10,19,8,18,4,16,8,27,25,43,20,27,15,10,4,8,0,0]} 1. e4 c5 2. Nc3 g6 3. d4 cxd4 4. Qxd4 Nf6 5. Bg5 Nc6 6. Qd2 {B23: Closed Sicilian: Lines without g3.} Bg7 7. f3 d6 {[#]} 8. O-O-O $146 ({Predecessor:} 8. Bc4 Bd7 9. Nge2 Rc8 10. Bb3 Ne5 11. O-O-O O-O 12. f4 Nc4 13. Bxc4 Rxc4 14. e5 {1-0 (28) Lye,L (2379)-Mariano,N (2235) Johor 2019}) 8... Qa5 9. Kb1 Be6 10. Nd5 {Qxa5 is the strong threat.} Qxd2 11. Rxd2 {aiming for Nc7+.} Bxd5 {The position is equal.} 12. exd5 Ne5 13. b3 O-O {Weighted Error Value: White=0.08/Black=0.02} *

[Event "Montenegro Festival-01 IM 2021"]
[Site "Niksic"]
[Date "2021.03.03"]
[Round "8.3"]
[White "Kovacevic, Nikola"]
[Black "Tomic, Aleksandar"]
[Result "*"]
[WhiteElo "2022"]
[BlackElo "2339"]
[Annotator "TA"]
[PlyCount "33"]
[EventDate "2021.02.26"]
[EventType "tourn"]
[EventCountry "MNE"]
[SourceTitle "playchess.com"]
[Source "ChessBase"]
[SourceQuality "1"]

{[%evp 16,22,-1,-23,-25,-13,46,37,79]} 1. e4 d5 2. exd5 Nf6 3. c4 c6 4. d4 cxd5 5. Nc3 g6 6. Nf3 Bg7 7. Qb3 dxc4 8. Bxc4 O-O 9. Ne5 {[%cal Re5f7]} e6 {B14: Caro-Kann: Panov-Botvinnik Attack with 5...e6 and 5...g6.} 10. Be3 b6 ({Better is} 10... Nc6 $11) 11. O-O $14 Bb7 {[#]  Weighted Error Value: White=0.07/Black=0.30} {Predecessor:} 12. Nxf7 $146 Rxf7 13. Bxe6 Qf8 14. Nb5 Nc6 15. Bxf7+ Qxf7 16. Qxf7+ Kxf7 17. Nd6+ {1-0 (44) Zapata Charles,S (2274)-Touret Hidalgo,J (1876) Santa Cruz 2015} *

[Event "Montenegro Festival-01 IM 2021"]
[Site "Niksic"]
[Date "2021.03.03"]
[Round "8.4"]
[White "Alivodic, Dario"]
[Black "Nikac, Predrag"]
[Result "*"]
[WhiteElo "2189"]
[BlackElo "2320"]
[Annotator "TA"]
[PlyCount "40"]
[EventDate "2021.02.26"]
[EventType "tourn"]
[EventCountry "MNE"]
[SourceTitle "playchess.com"]
[Source "ChessBase"]
[SourceQuality "1"]

{[%evp 9,40,11,11,14,27,22,40,10,16,10,25,22,16,0,0,-17,-10,-16,-4,-8,0,0,0,0,10,4,4,10,0,0,0,0,20]} 1. a3 g6 2. d4 Bg7 3. e4 c6 4. Nf3 d5 5. exd5 cxd5 {[#]} 6. Bd3 $146 {A00: Irregular Openings.} ({Predecessor:} 6. Nc3 Bg4 7. Be2 e6 8. h3 Bxf3 9. Bxf3 Ne7 10. Ne2 O-O 11. c3 Nbc6 12. Ng3 {1-0 (53) Berezowski,S (1600)-Kwiatkowski,G (1600) Nowy Sacz 2000}) 6... Bg4 7. c3 Nd7 8. h3 {White is slightly better.} Bxf3 9. Qxf3 Ngf6 10. O-O O-O {The position is equal.} 11. Re1 Re8 12. Bf4 Qb6 13. b4 a5 14. Nd2 Rec8 15. Rac1 ({But not} 15. Rxe7 Rxc3 16. Rd1 axb4 $17) 15... axb4 16. axb4 Qd8 17. Qe2 e6 18. Nb3 Nh5 19. Bd2 Ra2 20. Rc2 Ra3 {An uneventful encounter.  Weighted Error Value: White=0.05/Black=0.04} *

[Event "Montenegro Festival-01 IM 2021"]
[Site "Niksic"]
[Date "2021.03.03"]
[Round "8.5"]
[White "Arapovic, Vitomir"]
[Black "Jelcic, Marko"]
[Result "*"]
[WhiteElo "2295"]
[BlackElo "2208"]
[Annotator "TA"]
[PlyCount "36"]
[EventDate "2021.02.26"]
[EventType "tourn"]
[EventCountry "MNE"]
[SourceTitle "playchess.com"]
[Source "ChessBase"]
[SourceQuality "1"]

{[%evp 18,34,0,0,0,0,4,0,4,4,3,-3,0,0,5,0,0,0,0]} 1. e4 e6 2. d4 d5 3. exd5 exd5 4. Bd3 Bd6 5. Ne2 Ne7 6. O-O O-O 7. Bf4 Bxf4 8. Nxf4 Bf5 9. Bxf5 Nxf5 10. c3 {The position is equal.} c6 {C01: French: Exchange Variation.} 11. Nd2 Nd7 12. Re1 Re8 13. Rxe8+ Qxe8 14. Qe1 Qxe1+ 15. Rxe1 Kf8 16. Kf1 Re8 17. Rxe8+ Kxe8 {[#] Not much happened in this game.  Weighted Error Value: White=0.02/Black=0.01} {Predecessor:} 18. Ke2 $146 Nd6 {½-½ (18) Lunev,A (2403)-Kurilin,A (2291) Kimovsk 2011} *

[Event "Montenegro Festival-01 IM 2021"]
[Site "Niksic"]
[Date "2021.03.04"]
[Round "9.1"]
[White "Jelcic, Marko"]
[Black "Nikcevic, Nebojsa"]
[Result "1-0"]
[WhiteElo "2208"]
[BlackElo "2412"]
[Annotator "TA"]
[PlyCount "104"]
[EventDate "2021.02.26"]
[EventType "tourn"]
[EventCountry "MNE"]
[SourceTitle "playchess.com"]
[Source "ChessBase"]
[SourceQuality "1"]

{[%evp 14,104,33,16,36,6,0,2,18,-27,-22,-20,-27,-36,-33,-21,-28,-32,-33,-52,-43,-38,-54,-68,-61,-102,-62,-133,-135,-140,-147,-152,-155,-146,-137,-144,-139,-135,-140,-137,-129,-148,-126,-130,-116,-122,-125,-231,-230,-230,-217,-218,-221,-294,-291,-292,-307,-390,-395,-418,-560,-507,-516,-650,-694,-640,-613,-824,-787,-948,-923,-1502,-1096,-1510,-1130,-1012,-1696,-1881,-782,-29973,-29968,-29971,-29970,-29966,-29965,-29976,-29977,-29978,-29979,-29979,-29979,-29979,-29979]} 1. e4 c5 2. c3 Nf6 3. e5 Nd5 4. Nf3 Nc6 5. Bc4 Nb6 6. Bb3 c4 7. Bc2 d6 {outshines the older 7...Qc7.} 8. exd6 e5 {B22: Sicilian: 2 c3.} 9. d4 cxd3 ({Reject} 9... Qxd6 10. Nxe5 Nxe5 11. Qe2 $16) 10. Qxd3 Qxd6 {The position is equal.} 11. O-O (11. Qe2 {feels hotter.} Be6 12. b3 Qc7 13. O-O Be7 14. Rd1) 11... Qxd3 12. Bxd3 f6 13. a4 a6 14. Nbd2 Be6 15. a5 Nd5 {[#]} 16. Bc4 $146 ({Predecessor:} 16. Nc4 Rd8 17. Be2 Bc5 18. Ne1 O-O 19. Nc2 g5 20. g3 Kg7 21. N2e3 Nce7 22. Nxd5 Nxd5 {½-½ (48) Abdulla,K (2190)-Cornette,D (2455) Sharjah 2018}) 16... Kf7 17. Rd1 Be7 18. Ne4 Rhd8 19. Bd2 {Black converts the advantage convincingly.} Rac8 20. Be2 {[#]} ({White should try} 20. Bd3 $15) 20... h6 $1 $17 21. c4 Ndb4 22. Bc3 f5 23. Ng3 e4 24. Ne5+ Nxe5 25. Bxe5 Rxd1+ 26. Rxd1 g6 27. f3 Bxc4 28. fxe4 Bxe2 29. Nxe2 fxe4 30. Rd7 {[#]} (30. Bc3 $17 {keeps fighting.}) 30... Rd8 $1 $19 {[%cal Rd8d7]} 31. Rxd8 Bxd8 {[%mdl 4096] Endgame KBN-KBN} 32. Ng3 Ke6 ({Don't do} 32... Bxa5 33. Nxe4 b5 34. Bc3 $17) 33. Bg7 Kd5 ({Not} 33... Bxa5 34. Nxe4 Bb6+ 35. Kf1 $17) 34. Bxh6 Bxa5 35. Kf1 Nd3 36. Bg7 Bc7 37. Ne2 Be5 38. Bxe5 Kxe5 {KN-KN} (38... Nxe5 $2 39. b3 $19) 39. b3 Nc5 40. Nc1 Kd4 41. h4 Kc3 42. g4 Nd3 43. Ne2+ Kxb3 44. h5 gxh5 45. gxh5 Ne5 (45... a5 $142 46. Nd4+ Kc3 47. Ne2+ Kd2) 46. Ng3 a5 {[%cal Ba6a5,Ba5a4,Ba4a3,Ba3a2][%mdl 32] Black mates.} 47. Nxe4 Kc2 48. Nc5 b5 49. Ke2 a4 50. h6 Nf7 51. h7 a3 52. Nd3 a2 {[%mdl 32768] Weighted Error Value: White=0.60/Black=0.10. Loss on time!?} 1-0

[Event "Montenegro Festival-01 IM 2021"]
[Site "Niksic"]
[Date "2021.03.04"]
[Round "9.2"]
[White "Nikac, Predrag"]
[Black "Arapovic, Vitomir"]
[Result "1/2-1/2"]
[WhiteElo "2320"]
[BlackElo "2295"]
[Annotator "TA"]
[PlyCount "32"]
[EventDate "2021.02.26"]
[EventType "tourn"]
[EventCountry "MNE"]
[SourceTitle "playchess.com"]
[Source "ChessBase"]
[SourceQuality "1"]

{[%evp 11,32,0,34,37,49,43,50,43,48,0,40,38,27,16,62,95,80,18,22,0,76,79,72]} 1. e4 e6 2. d4 d5 3. Nc3 Bb4 4. Qg4 Nf6 5. Qxg7 Rg8 6. Qh6 dxe4 7. Nge2 {C15: French: 3 Nc3 Bb4: Unusual White 4th moves.} Nbd7 8. Bg5 b6 9. O-O-O {White is slightly better.} Bb7 10. d5 {[#] aiming for dxe6.} Rg6 (10... Bf8 $5 {[%cal Rf8h6]} 11. Qh4 exd5 $15) 11. Qh4 {Strongly threatening dxe6.} h6 12. dxe6 {[#]} fxe6 $146 ({Predecessor:} 12... hxg5 13. exd7+ Nxd7 14. Qh8+ Bf8 15. Ng3 Rh6 16. Qd4 Rd6 17. Qa4 Rxd1+ 18. Nxd1 Qf6 19. Ba6 Bc6 20. Bb5 Bxb5 21. Qxe4+ {1-0 (21) Oms Fuentes,L (2165)-Gual Pascual,A (2429) Spain 2004}) 13. Bf4 a6 14. h3 (14. a3 $16 Bxc3 15. Nxc3) 14... Qe7 $11 15. Be3 ({Much weaker is} 15. Bxc7 e5 $17) 15... Bxc3 (15... O-O-O $11) 16. Nxc3 $16 O-O-O {Weighted Error Value: White=0.21/Black=0.24} 1/2-1/2

[Event "Montenegro Festival-01 IM 2021"]
[Site "Niksic"]
[Date "2021.03.04"]
[Round "9.3"]
[White "Tomic, Aleksandar"]
[Black "Alivodic, Dario"]
[Result "0-1"]
[WhiteElo "2339"]
[BlackElo "2189"]
[Annotator "TA"]
[PlyCount "102"]
[EventDate "2021.02.26"]
[EventType "tourn"]
[EventCountry "MNE"]
[SourceTitle "playchess.com"]
[Source "ChessBase"]
[SourceQuality "1"]

{[%evp 9,102,-43,-27,-32,-21,-39,-27,-74,-49,-94,-97,-101,-105,-145,-90,-94,-23,-31,-2,-48,-14,-17,-16,-23,64,79,64,56,60,72,72,12,63,40,84,65,100,21,105,28,92,0,62,60,116,111,118,112,103,28,132,18,141,13,35,27,70,60,68,-4,-10,-18,-47,-91,-84,-75,-41,-44,-25,-27,-49,-1145,-333,-289,-297,-297,-275,-501,-278,-297,-228,-898,-908,-1108,-1108,-1080,-965,-1342,-1212,-29986,-29987,-29987,-29988,-29997,-29998]} 1. h4 d5 2. d4 c5 3. dxc5 {[#]} e5 $146 ({Predecessor:} 3... Nc6 4. h5 h6 5. c4 d4 6. a3 a5 7. e4 e5 8. Bd3 Nf6 9. Nd2 Nd7 {0-1 (44) Dzhumagaliev,Y (2400)-Almasi,Z (2682) Riadh 2017}) 4. Nc3 Nf6 5. Bg5 d4 6. Ne4 {A00: Irregular Openings.} Bf5 7. Ng3 Be6 8. e4 {Black has an edge.} Bxc5 9. Bb5+ Nbd7 {Threatens to win with ...Qa5+.} 10. Qe2 Qa5+ 11. Kf1 O-O-O (11... O-O $142 12. Nf3 Qb6) 12. a3 Nb6 ({Better is} 12... Qc7 $17) 13. Bd3 $11 Be7 14. Nf3 Qc5 15. Bd2 Qc7 16. Ng5 Rdf8 (16... Na4 $11) 17. Nxe6 $14 fxe6 18. a4 $1 {[%cal Ba3a4,Ba4a5][%mdl 32]} Kb8 19. a5 Nc8 20. b4 (20. a6 $16) 20... h5 (20... a6 $11) 21. Kg1 Nd6 22. Nf1 {[%cal Bg3f1,Bf1d2,Bd2f3][%mdl 32]} Nd7 23. g3 (23. c3 $16) 23... g6 (23... Nf7 $1 $11) 24. Kg2 (24. c3 $16) 24... Rh7 (24... Nf7 $11) 25. Be1 (25. Nh2 $1 $16) 25... Rfh8 (25... Rhf7 $11) 26. Nd2 g5 (26... Nf7 $14) 27. hxg5 $16 Bxg5 28. Nf3 Bf6 29. Bd2 (29. c4 $16) 29... Nf8 {[#]} (29... h4 $11 {remains equal.}) 30. Rh3 (30. Nxd4 $1 $16 {[%mdl 512]} Qg7 (30... h4 31. Nf3) 31. Nf3) 30... Qe7 {[#]} (30... h4 $11) 31. b5 (31. Nxd4 $1 $16 {[%mdl 512] Black should prevent Nf3.} h4 32. Rah1) 31... Ng6 $11 32. Rah1 Nf7 33. Kf1 h4 34. Qe1 (34. gxh4 $14 Rh5 35. b6) 34... Ng5 35. Nxg5 Bxg5 36. Bxg5 Qxg5 37. Ke2 Rf8 38. Qb4 Rhf7 $36 {[%mdl 2048] Black fights for an advantage.} 39. Qd6+ Ka8 40. f4 {[%mdl 8192] White does not recover from this.} (40. R3h2 $15) 40... exf4 $2 (40... Qg4+ 41. Kd2 hxg3) 41. gxh4 $19 f3+ 42. Kd1 Qh5 43. Bf1 $2 (43. a6 {is the only way for White.}) 43... f2+ 44. Kc1 Nf4 45. Ra3 (45. a6 Nxh3 46. Rxh3) 45... Ne2+ 46. Kb2 Rc8 47. a6 Qxb5+ 48. Ka1 Rfc7 49. Rhh3 Rxc2 {[%csl Gc2][%cal Rb5b2] Black mates.} 50. axb7+ Qxb7 {[%csl Gc2][%cal Rb7b2]} 51. Rab3 Rc1+ {[%mdl 64] Double Attack.  Weighted Error Value: White=0.69/Black=0.54} 0-1

[Event "Montenegro Festival-01 IM 2021"]
[Site "Niksic"]
[Date "2021.03.04"]
[Round "9.4"]
[White "Miletic, Vuk"]
[Black "Kovacevic, Nikola"]
[Result "1/2-1/2"]
[WhiteElo "2157"]
[BlackElo "2022"]
[Annotator "TA"]
[PlyCount "62"]
[EventDate "2021.02.26"]
[EventType "tourn"]
[EventCountry "MNE"]
[SourceTitle "playchess.com"]
[Source "ChessBase"]
[SourceQuality "1"]

{[%evp 17,62,29,36,21,22,22,23,3,0,-21,-22,-15,-8,-8,12,-24,-29,-45,-29,-37,-8,-19,0,0,0,0,0,-16,-29,-28,-10,-14,30,0,0,-5,0,-106,-66,-31,-44,-104,-84,-79,-74,-227,-22]} 1. d4 Nf6 2. c4 g6 3. Nc3 Bg7 4. e4 d6 5. Nge2 O-O 6. Ng3 e5 7. d5 a5 8. Be2 Na6 9. h4 h5 $1 10. Bg5 {[%cal Re2h5] E70: King's Indian: Miscellaneous lines with 4 e4, including 5 Nge2 and 5 Bd3 0-0 6 Nge2.} Qe8 11. Qd2 Nc5 {is the new trend.} 12. O-O-O {White has an edge.} Ng4 13. Bxg4 Bxg4 14. f3 Bd7 15. Kb1 Kh7 {[#]} 16. Rdg1 $146 ({Predecessor:} 16. Be3 b6 17. Nf1 f5 18. Bxc5 bxc5 19. Ne3 f4 20. Nc2 Rb8 21. Na3 Rb4 22. Qe2 {1-0 (52) Abhishek,K (2403)-Akira,S (1586) Hyderabad 2017}) 16... f5 17. exf5 gxf5 18. Be3 Qg6 19. Bxc5 Bh6 20. Be3 Bxe3 21. Qxe3 {[#] aiming for f4.} Qxg3 22. Rh3 Qg6 {Threatens to win with ...f4+.} 23. f4 Rg8 24. Ne2 Rae8 25. Qf2 Qf6 26. Rg3 Rg4 27. fxe5 (27. Rb3 $11) 27... dxe5 28. Rxg4 hxg4 29. g3 (29. Qc5 $15) 29... b6 30. Rf1 Qh6 31. Nc1 $2 {[#]} (31. c5 $17 {was worth a try.}) 31... Re7 $2 {Weighted Error Value: White=0.29/Black=0.09} ({Better is} 31... f4 $1 $19 32. Qc2+ Kg7) 1/2-1/2